000 00318nam a22001337a 4500
008 171012b xxu||||| |||| 00| 0 eng d
020 _a
041 _aeng
080 _a316
100 _a50
101 _aSOC
245 _aCOMMUNITY STRUCTURE AND DECISION-MAKING: COMPARATIVE ANALYSES
_cCLARK,T.N
942 _2udc
_cBK
999 _c33276
_d33276